La fuente de las gacelas
-д хадгалсан:
| Үндсэн зохиолч: | |
|---|---|
| Формат: | Ном |
| Хэл сонгох: | испани |
| Хэвлэсэн: |
Madrid
M. García y G. Sáez
1916
|
| Нөхцлүүд: | |
| Шошгууд: |
Шошго нэмэх
Шошго байхгүй, Энэхүү баримтыг шошголох эхний хүн болох!
|
MARC
| LEADER | 00000nam a2200000 a 4500 | ||
|---|---|---|---|
| 001 | UCZ5808 | ||
| 003 | CL-VaPUC | ||
| 008 | 951124e19160000SP |||||||||||||||||spa|d | ||
| 082 | 0 | 4 | |a 861 |b VIL |2 21 |
| 100 | 0 | |a Villaespesa, Francisco |e author |9 349996 | |
| 245 | 1 | 3 | |a La fuente de las gacelas |
| 300 | |a 204 p | ||
| 942 | |c BK | ||
| 945 | |d 19951124 00:00:00 |a lriquelm | ||
| 260 | |a Madrid |b M. García y G. Sáez |c 1916 | ||
| 650 | 0 | |a Poesías españolas |9 265100 | |
| 650 | 0 | |a Literatura española |9 306261 | |
| 650 | 0 | |a Formas y géneros literarios |9 324031 | |
| 583 | |a last modification |c 19951124 00:00:00 |k Rodrigo Vera | ||
| 999 | |c 242096 |d 242094 | ||
| 952 | |0 0 |1 0 |4 0 |6 861_000000000000000_VIL_1916 |7 0 |8 P |9 254816 |a BIBEDU |b BIBEDU |c BIBEDU_PB |d 2019-11-19 |i 1577409 |o 861 VIL 1916 |p 1577409 |r 2024-01-25 |w 2019-11-19 |y BK |k FIL | ||